00465nam a2200121Ia 4500008004100000100002000041245007900061245011100140260003000251260000900281300002700290440002600317170419s9999 xx 000 0 und d aBradas, Cheryl. aCharacteristics and predictors of readmission to a medical short-stay unit cCheryl Bradas, Wendy Sarver, Katie Carney, Johnbuck Creamer, Alex Velotta, Sheila Byrnes, and Molly McNett bJanetti Publications Inc. c2016 aNovember/December 2016 aMedsurg Nursingv25:6